Random 2000s Movies by Hint - Statistics

General Stats
  • This quiz has been taken 29 times
  • The average score is 9 of 20
Answer Stats
Year Movie Director Actor % Correct
2009 Avatar James Cameron Zoe Saldana
100%
2008 Iron Man Jon Favreau Robert Downey Jr.
100%
2003 Elf Jon Favreau Will Ferrell
90%
2004 Million Dollar Baby Clint Eastwood Hillary Swank
88%
2003 School of Rock Richard Linklater Jack Black
88%
2008 Milk Gus Van Sant Sean Penn
83%
2004 The Passion of the Christ Mel Gibson Jim Cavieziel
83%
2000 Gladiator Ridley Scott Russell Crowe
80%
2002 Spider-Man Sam Raimi Tobey Maguire
80%
2006 Night at the Museum Shawn Levy Ben Stiller
78%
2005 Charlie and the Chocolate Factory Tim Burton Johnny Depp
75%
2006 High School Musical Kenny Ortega Zac Efron
75%
2006 The Departed Martin Scorsese Leonardo Di Caprio
75%
2002 The Pianist Roman Polanski Adrien Brody
75%
2007 Transformers Michael Bay Shia LaBeouf
71%
2001 The Lord of the Rings: The Fellowship of the Ring Peter Jackson Elijah Wood
70%
2003 Big Fish Tim Burton Ewan McGregor
67%
2000 Charlie's Angels McG Cameron Diaz
67%
2003 The Matrix: Reloaded The Wachowskis Keanu Reeves
67%
2006 The Prestige Christopher Nolan Hugh Jackman
67%
2005 War of the Worlds Steven Spielberg Tom Cruise
67%
2001 A Beautiful Mind Ron Howard Russell Crowe
63%
2002 Catch Me If You Can Steven Spielberg Leonardo Di Caprio
63%
2001 Ocean's Eleven Steven Soderbergh George Clooney
63%
2005 Batman Begins Christopher Nolan Christian Bale
60%
2000 Cast Away Robert Zemeckis Tom Hanks
60%
2002 Gangs of New York Martin Scorsese Leonardo Di Caprio
60%
2002 Insomnia Christopher Nolan Al Pacino
60%
2006 Superman Returns Bryan Singer Brandon Routh
60%
2000 Memento Christopher Nolan Guy Pearce
57%
2001 Moulin Rouge! Baz Luhrmann Nicole Kidman
57%
2002 Signs M. Night Shyamalan Mel Gibson
55%
2001 Harry Potter and the Sorcerer's Stone Chris Columbus Daniel Radcliffe
54%
2006 Children of Men Alfonso Cuaron Clive Owen
50%
2003 Lost in Translation Sofia Coppola Scarlett Johansson
50%
2007 No Country For Old Men The Coen Brothers Javier Bardem
50%
2000 O Brother, Where Art Thou? The Coen Brothers George Clooney
50%
2004 Shaun of the Dead Edgar Wright Simon Pegg
50%
2001 The Royal Tenenbaums Wes Anderson Gene Hackman
50%
2004 The Terminal Steven Spielberg Tom Hanks
50%
2000 Unbreakable M. Night Shyamalan Bruce Willis
50%
2000 X-Men Bryan Singer Hugh Jackman
50%
2000 Erin Brockovich Steven Soderbergh Julia Roberts
44%
2005 Cinderella Man Ron Howard Russell Crowe
43%
2004 Anchorman: The Legend of Ron Bergundy Adam McKay Will Ferrell
40%
2008 Australia Baz Luhrmann Nicole Kidman
40%
2000 Crouching Tiger, Hidden Dragon Ang Lee Michelle Yeoh
40%
2003 Pirates of the Caribbean: The Curse of the Black Pearl Gore Verbinski Johnny Depp
40%
2004 The Day After Tomorrow Roland Emmerich Jake Gyllenhaal
40%
2005 Brokeback Mountain Ang Lee Jake Gyllenhaal
36%
2009 2012 Roland Emmerich John Cusack
33%
2004 Finding Neverland Marc Forster Johnny Depp
33%
2006 Marie Antoinette Sofia Coppola Kirsten Dunst
33%
2008 Step Brothers Adam McKay Will Ferrell
33%
2004 Napoleon Dynamite Jared Hess Jon Heder
29%
2003 Seabiscuit Gary Ross Tobey Maguire
29%
2005 Constantine Francis Lawrence Keanu Reeves
25%
2002 Minority Report Steven Spielberg Tom Cruise
25%
2001 Planet of the Apes Tim Burton Mark Wahlberg
25%
2002 Star Wars: Episode II: Attack of the Clones George Lucas Hayden Christiansen
25%
2004 The Aviator Martin Scorsese Leonardo Di Caprio
25%
2004 The Life Aquatic With Steve Zissou Wes Anderson Bill Murray
25%
2002 Adaptation. Spike Jonze Nicolas Cage
22%
2003 Kill Bill: Volume 1 Quentin Tarantino Uma Thurman
20%
2006 Nacho Libre Jared Hess Jack Black
20%
2006 Talladega Nights: The Ballad of Ricky Bobby Adam McKay Will Ferrell
20%
2007 The Darjeeling Limited Wes Anderson Adrien Brody
20%
2005 Rumor Has It... Rob Reiner Jennifer Aniston
17%
2009 Terminator: Salvation McG Christian Bale
17%
2005 King Kong Peter Jackson Adrien Brody
14%
2002 Men in Black II Barry Sonnenfield Will Smith
14%
2005 The Hitchhiker's Guide to the Galaxy Garth Jennings Martin Freeman
13%
2003 Cheaper by the Dozen Shawn Levy Steve Martin
11%
2001 A.I. Artifificial Intelligence Steven Spielberg Jude Law
0%
2007 I Am Legend Francis Lawrence Keanu Reeves
0%
2008 Indiana Jones and the Kingdom of the Crystal Skull Steven Spielberg Harrison Ford
0%
2000 Mission: Impossible II John Woo Tom Cruise
0%
2001 Spy Kids Robert Rodriguez Antonio Banderas
0%
2007 The Bucket List Rob Reiner Jack Nicholson
0%
2005 The Chronicles of Narnia: The Lion, the Witch and the Wardrobe Andrew Adamson Liam Neeson
0%
2006 The Da Vinci Code Ron Howard Tom Hanks
0%
2008 The Happening M. Night Shyamalan Mark Wahlberg
0%
2008 Valkyrie Bryan Singer Tom Cruise
0%
2005 Walk the Line James Mangold Joaquin Phoenix
0%
No matching quizzes found
Score Distribution
Percent of People with Each Score
Percentile by Number Answered
Your Score History
You have not taken this quiz